| 000 | 00543nmm a2200193Ia 4500 | ||
|---|---|---|---|
| 008 | 251105s9999||||xx |||||||||||||||||und|| | ||
| 020 | _a9788490650141 | ||
| 041 | _aspa | ||
| 100 | _aKavenna, Joanna | ||
| 245 | 0 | _aVenid hasta el borde, les dijo | |
| 264 |
_a[Madrid, España] : _bAlba Editorial, _c2014 |
||
| 300 | _a248 páginas | ||
| 490 | _aAlba Contemporánea | ||
| 650 | _aEnglish Narrative | ||
| 700 | _aKavenna, Joanna | ||
| 700 | 1 | _a Vázquez, Pilar | |
| 856 | _uhttps://public.digitaliapublishing.com/a/33321 | ||
| 942 | _cCF | ||
| 999 |
_c67404 _d67404 |
||